LEADER 01132nam a2200241 i 4500 001 000000182667 003 CaOOAMICUS 005 20091028000000.0 008 091028s1962 be u000 u syr u 013 $a160625 040 $aSeMil$bita 100 1 $aBeck, Edmund .$0(OLS)http://semarc/name/89797 245 10$a[Textus] /$cHerausgegeben von Edmund Beck. 300 $aXII, 174 p. 490 0 $aCorpus Scriptorum Christianorum Orientalium ;$v223. Scriptores Syri ; 94 490 0 $aCorpus Scriptorum Christianorum Orientalium. Scriptores Syri ;$v94 773 0 $aBeck, Edmund $tDes heiligen Ephraem des Syrers hymnen de virginitate.$dLouvain : CorpusSCO, 1962.$w()22291 830 0$aCorpus Scriptorum Christianorum Orientalium ;$v223. Scriptores Syri ; 94.$0(OLS)http://semarc/title/77 830 0$aCorpus Scriptorum Christianorum Orientalium. Scriptores Syri ;$v94.$0(OLS)http://semarc/title/9544 850 $aSeMil 852 $aSeMil$W1$xVenegono$y1$m2S III 223$j133371$B133371$CSeMilBibl$Z2$F145098 $81 961 $aOmaggio: Altro 996 $6245$a[Textus]$9(OLS)http://semarc/title/55528 LEADER 00711naa a2200145 i 4500 001 000000302530 003 CaOOAMICUS 005 20180831172743.0 008 180831n xx u000 u und u 013 $a10264 040 $aSeMil$bita 100 1 $aCrouzel, Henri,$c.$0(OLS)http://semarc/name/17942 245 12$aL'évangile de Jean et la patristique :$bl'exégèse origénienne de (Lectio Divina ; 143). 773 0 $aAmphoux, Christian-Bernard$tOrigine et postérité de l'évangile de Jean.$dParis : Les Éditions du Cerf, copyr. 1990.$kLectio divina $z2-204-04133-5$w()36353 996 $6245$aL'évangile de Jean et la patristique :$bl'exégèse origénienne de (Lectio Divina ; 143).$9(OLS)http://semarc/title/378505